000 00334nam a2200109 4500
008 230925b |||||||| |||| 00| 0 eng d
022 _a0973-1342
245 _aJournal of indian association for child and adolescent mental health
260 _aNew Delhi
_bSage
_c2022
300 _avol.18,issue.4
_bill.
_c28cm
942 _2ddc
_cSR
_mCHI
_s1
999 _c198540
_d198540